| 000 | 00490nam a2200157Ia 4500 | ||
|---|---|---|---|
| 008 | 191206s9999 xx 000 0 und d | ||
| 020 | _a008042385X | ||
| 090 | _aLA1143.E27 | ||
| 245 | 0 | _aEast Asian higher education: traditions and transformations | |
| 250 | _a1st ed. | ||
| 260 | _aPublished for the IAU Press by Pergamon | ||
| 260 | _b"Issues in higher education (Oxford, England)" | ||
| 260 | _cc1995 | ||
| 300 | _a"xiv, 213 p. : ill. ; 24 cm." | ||
| 999 |
_c15845 _d15845 |
||